| 000 | 01152nam a22001817a 4500 | ||
|---|---|---|---|
| 005 | 20251218191051.0 | ||
| 082 | _a920 SAN | ||
| 100 |
_aSanthosh Aechikkanam _91187 |
||
| 245 | _aBiriyani_Malayalam | ||
| 250 | _a1 | ||
| 260 |
_aDC Books _bKottayam _c2025 |
||
| 300 | _aNumber of pages : 104 | ||
| 500 | _aCategory : Short Stories, Best Sellers | ||
| 520 | _aകേരളീയജീവിതത്തെ വരിഞ്ഞുമുറുക്കുന്ന നാഗരികതയുടെ ആസുരമായ സ്പര്ശിനികളെയും സാമൂഹ്യയാഥാര്ത്ഥ്യങ്ങളെയും തീക്ഷ്ണമായി അനുഭവവേദ്യമാക്കുന്ന ജീവസ്സുറ്റ കഥകള്. ബിരിയാണി, നായിക്കാപ്പ്, മനുഷ്യാലയങ്ങള്, U, V, X, Y, Z, മരപ്രഭു, ലിഫ്റ്റ്, ആട്ടം എന്നിങ്ങനെ ശ്രദ്ധേയമായ ഏഴു കഥകള്. | ||
| 546 | _aLanguage : Malayalam | ||
| 650 |
_aGEN _92 |
||
| 942 | _cBK | ||
| 999 |
_c38121 _d38121 |
||